Normal view
MARC view
- Martín Garzo, Gustavo,
Entry Nombre Personal
001 - NUMERO DE CONTROL
- campo de control: 37971
003 - IDENTIFICADOR DE NUMERO DE CONTROL
- campo de control: UPN
005 - FECHA Y HORA DE LA ÜLTIMA TRANSACCIÓN
- campo de control: 20210219194530.0
008 - DATOS DE LONGITUD FIJA
- campo de control de longitud fija: nabaccnnaabn|||||||||| b |nc|||||d
035 ## - NUMERO DE CONTROL
- Número de control: UPN11000010078
040 ## - FUENTE DE CATALOGACIÓN
- Lenguaje de catalogación: SPA
- Agencia de transcripción: UPN
053 #4 - NÚMERO DE CLASIFICACIÓN LC
- Número de clasificación elemento-número único o número inicial de tramo: PQ6663 A7.459
100 1# - ENCABEZAMIENTO - NOMBRE PERSONAL
- Nombre personal: Martín Garzo, Gustavo,
- Fechas asociadas con el nombre: 1948-
400 1# - VEÁSE - NOMBRE DE PERSONA
- Personal name: Garzo, Gustavo Martín,
- Dates associated with a name: 1948-
670 ## - FUENTE EN LA QUE SE LOCALIZARON DATOS
- Cita de la fuente: LC/P
680 ## - NOTA PUBLICA DE ACCESO PÚBLICO
- Frase explicativa de la referencia: Escritor español (Valladolid, España) Licenciado en Filosofía y Letras en la especialidad de Psicología, es fundador de las revistas literarias Un ángel más y El signo del gorrión. Ha colaborado con sus artículos en los medios más importantes del país y ha participado en múltiples congresos de literatura.
902 ## - CATALOGADOR
- Catalogador: MITM/131115
